000 00385nam a22001577a 4500
003 MPLRDC
005 20220104142538.0
008 210129b ||||| |||| 00| 0 eng d
082 _a870.57 ORW c.2
100 _aGEORGE ORWELL
245 _a1984
_c邱素慧译
260 _a
_b香港四季出版公司
_c1984
300 _b
650 _a英文小说
942 _cBK
_o870.57 ORW c.2
999 _c31754
_d31744